| 000 | 00926nam a2200265Ia 4500 | ||
|---|---|---|---|
| 003 | OSt | ||
| 005 | 20221005105417.0 | ||
| 006 | a|||||r|||| 00| 0 | ||
| 007 | ta | ||
| 008 | 221004b |||||||| |||| 00| 0 hin d | ||
| 020 |
_a9788123759821 (pbk) _cINR 85.00 |
||
| 024 | _a37472 | ||
| 037 |
_bBW/1662, 14/03/2018, Bookwell _cTextual |
||
| 040 |
_aCRL _cCRL _bhin |
||
| 041 |
_2hin _ahin |
||
| 082 | _aO152v79173, Q2 | ||
| 100 | _aअवस्थी, पुष्पिता, ले. | ||
| 245 | 0 | _aसूरीनाम | |
| 246 | _aSūrīnāma | ||
| 260 |
_aनई दिल्ली _bनेशनल बुक ट्रस्ट भारत _c2012 |
||
| 300 |
_a187पृ0 _ccm. |
||
| 650 | _aहिन्दी साहित्य | ||
| 942 |
_hO152v79173, Q2 _cTEXL _2cc |
||
| 999 |
_c1015735 _d1015735 |
||